000 01097 a2200193 4500
001 15492
005 20260407155450.0
008 260407a1978 arg spa d
003 AR-UNSa-BCEJYS
040 _aAR-UNSa-BCEJYS
_bspa
_cAR-UNSa-BCEJYS
080 _a657.6
_xAuditoria (control interno)
245 1 0 _aManual de control interno
264 1 _aBuenos Aires :
_bCangallo
_c1978
300 _a240 p.
_c22 cm.
505 _aI. Teoría general del sistema de control interno: 1. El control interno de la empresa - 2. Objetivos del control interno - 3. Elementos y finalidades del sistema de control interno - 4. El sistema de control interno y la auditoría - 5. Técnicas del relevamiento del sistema de control interno - 6. Aspectos prácticos del control interno -- II. Graficación del sistema de control interno: 1. Esquemas de organización - 2. Procedimientos, sistemas o flujos de información -- III. Evaluación del control interno: 1. Cuestionarios para la evaluación del control interno
942 _cBK
590 _aniveau_biblio:m niveau_hierar:0
100 1 _aRusenas, Rubén Oscar
999 _c654
_d654